<?xml version="1.0" encoding="UTF-8"?>
<collection xmlns="http://www.loc.gov/MARC21/slim">
    <record>
        <controlfield tag="001">14122</controlfield>
        <controlfield tag="005">20150325205442.0</controlfield>
        <datafield tag="037" ind1=" " ind2=" ">
            <subfield code="a">TAZ-TFG-2014-355</subfield>
        </datafield>
        <datafield tag="041" ind1=" " ind2=" ">
            <subfield code="a">spa</subfield>
        </datafield>
        <datafield tag="100" ind1="1" ind2=" ">
            <subfield code="a">Campillos Oficialdegui, Lara</subfield>
        </datafield>
        <datafield tag="245" ind1="0" ind2="0">
            <subfield code="a">Plan de cuidados estandarizado en ancianos con depresión</subfield>
        </datafield>
        <datafield tag="260" ind1=" " ind2=" ">
            <subfield code="a">Zaragoza</subfield>
            <subfield code="b">Universidad de Zaragoza</subfield>
            <subfield code="c">2014</subfield>
        </datafield>
        <datafield tag="506" ind1=" " ind2=" ">
            <subfield code="a">by-nc-sa</subfield>
            <subfield code="b">Creative Commons</subfield>
            <subfield code="c">3.0</subfield>
            <subfield code="u">http://creativecommons.org/licenses/by-nc-sa/3.0/</subfield>
        </datafield>
        <datafield tag="500" ind1=" " ind2=" ">
            <subfield code="a">Resumen disponible también en inglés.</subfield>
        </datafield>
        <datafield tag="520" ind1=" " ind2=" ">
            <subfield code="a">Introducción: la depresión es una alteración del estado de ánimo con importante incidencia en Europa e incidencia aún mayor en ancianos.  No obstante la enfermería de atención primaria tiene un papel fundamental en la valoración integral interdisciplinaria y la facilitación de cuidados individualizados adaptados a las necesidades de los ancianos con depresión con objeto de disminuir las repercusiones de esta enfermedad en el paciente y su familia, y las posibles complicaciones que pueden comprometer la salud y autonomía del anciano. Objetivo: se diseñó un plan de cuidados estandarizado dirigido a ancianos con depresión para su abordaje desde enfermería de atención primaria. Metodología: se llevó a cabo una revisión bibliográfica en bases de datos científicas, se consultaron libros disponibles en la biblioteca de la Universidad de Zaragoza y páginas web. Conclusiones: se determinó que realizar una valoración del anciano de forma integral y multidisciplinar es fundamental para el cuidado del paciente de forma holística incidiendo en las intervenciones encaminadas a fomentar la autoestima, su confianza en el profesional de enfermería y a potenciar la socialización y las actividades recreativas de éste. Además se plantearon actividades que pueden resultar efectivas en el cuidado de ancianos con depresión fomentando los lazos familiares, el sentimiento de “sentirse útil” e ignorando pequeños fallos y accidentes que pueden afectar negativamente a la autoestima del paciente.</subfield>
        </datafield>
        <datafield tag="521" ind1=" " ind2=" ">
            <subfield code="a">Graduado en Enfermería</subfield>
        </datafield>
        <datafield tag="540" ind1=" " ind2=" ">
            <subfield code="a">Derechos regulados por licencia Creative Commons</subfield>
        </datafield>
        <datafield tag="653" ind1="1" ind2=" ">
            <subfield code="a">enfermería</subfield>
        </datafield>
        <datafield tag="653" ind1="1" ind2=" ">
            <subfield code="a">valoración</subfield>
        </datafield>
        <datafield tag="653" ind1="1" ind2=" ">
            <subfield code="a">cuidados</subfield>
        </datafield>
        <datafield tag="653" ind1="1" ind2=" ">
            <subfield code="a">anciano</subfield>
        </datafield>
        <datafield tag="653" ind1="1" ind2=" ">
            <subfield code="a">depresión</subfield>
        </datafield>
        <datafield tag="700" ind1=" " ind2=" ">
            <subfield code="a">Becerril Ramírez, Natalia</subfield>
            <subfield code="e">dir.</subfield>
        </datafield>
        <datafield tag="710" ind1="2" ind2=" ">
            <subfield code="a">Universidad de Zaragoza</subfield>
            <subfield code="b">Fisiatría y Enfermería</subfield>
            <subfield code="c">Enfermería</subfield>
        </datafield>
        <datafield tag="856" ind1="0" ind2=" ">
            <subfield code="f">611076@celes.unizar.es</subfield>
        </datafield>
        <datafield tag="856" ind1="4" ind2=" ">
            <subfield code="s">479558</subfield>
            <subfield code="u">http://zaguan.unizar.es/record/14122/files/TAZ-TFG-2014-355.pdf</subfield>
            <subfield code="y">Memoria (spa)</subfield>
        </datafield>
        <datafield tag="909" ind1="C" ind2="O">
            <subfield code="o">oai:zaguan.unizar.es:14122</subfield>
            <subfield code="p">driver</subfield>
            <subfield code="p">trabajos-fin-grado</subfield>
        </datafield>
        <datafield tag="950" ind1=" " ind2=" ">
            <subfield code="a"></subfield>
        </datafield>
        <datafield tag="980" ind1=" " ind2=" ">
            <subfield code="a">TAZ</subfield>
            <subfield code="b">TFG</subfield>
            <subfield code="c">EUCS</subfield>
        </datafield>
    </record>

    
</collection>